Drinks and Beverages by Picture A-Z - Statistics

General Stats
  • This quiz has been taken 36 times
  • The average score is 14 of 25
Answer Stats
Picture Hint Answer % Correct
C champagne
94%
W whisky
94%
J juice
91%
N nectar
89%
T tequila
86%
G gin
80%
P piña colada
77%
R Rum
77%
E egg nog
71%
V vodka
71%
L lager
69%
M mojito
69%
B bubble tea
60%
I Irish coffee
51%
H herbal tea
46%
D Diet Coke
43%
Z {Zin}fandel
43%
A absinthe
37%
S soy milk
37%
Y {yerba} mate
37%
U {ube} milkshake
29%
O ouzo
26%
Q {Quad}rupel beer
23%
F fernet
17%
K kefir
14%
No matching quizzes found
Score Distribution
Percent of People with Each Score
Percentile by Number Answered
Your Score History
You have not taken this quiz